Maquilando los derechos humanos
Guardat en:
| Format: | Text |
|---|---|
| Matèries: | |
| Etiquetes: |
Afegir etiqueta
Sense etiquetes, Sigues el primer a etiquetar aquest registre!
|
MARC
| LEADER | 00000 a a2200000 04500 | ||
|---|---|---|---|
| 001 | 5935 | ||
| 003 | |||
| 040 | |||
| 245 | |a Maquilando los derechos humanos | ||
| 650 | |a DERECHOS HUMANOS | ||
| 650 | |a DESEMPLEO | ||
| 650 | |a INDUSTRIA DE ENSAMBLAJE | ||
| 650 | |a MOVIMIENTOS SOCIALES | ||
| 650 | |a OBREROS | ||
| 650 | |a GOBIERNO | ||
| 650 | |a SECTOR PRIVADO | ||
| 773 | |g volumen 15, número 653; páginas 14-16 | ||
| 999 | |c 30012 |d 30012 | ||
